Official Languages of the World with Exceptions - Statistics

General Stats
  • This quiz has been taken 50 times
  • The average score is 59 of 80
Answer Stats
Countries Language % Correct
Japan Japanese
100%
Egypt, Iraq, Saudi Arabia, 19 others Arabic
95%
Armenia Armenian
95%
China, Taiwan, Singapore Chinese (Mandarin)
95%
South Korea, North Korea Korean
95%
India Hindustani (Hindi)
93%
Kazakhstan Kazakh
93%
Malaysia, Singapore, Brunei Malay
93%
Indonesia Malay (Indonesian)
93%
Afghanistan Pashto
93%
Afghanistan Persian (Darī)
93%
Tajikistan Persian (Tajik)
93%
Georgia Georgian
90%
Nepal Nepali
90%
Iran Persian
90%
Thailand Thai
90%
Turkey, Cyprus Turkish
90%
Uzbekistan Uzbek
90%
South Africa Afrikaans
88%
Azerbaijan Azerbaijani
88%
Bangladesh Bengali
88%
Fiji Fijian
88%
Israel Hebrew
88%
Kyrgyzstan Kyrgyz
88%
Laos Lao
88%
Samoa Samoan
88%
Kenya, Rwanda, Tanzania, Uganda Swahili
88%
Turkmenistan Turkmen
88%
Cambodia Khmer
85%
Mongolia Mongolian
85%
Somalia, Ethiopia Somali
85%
Vietnam Vietnamese
85%
Myanmar Burmese
83%
Morocco, Algeria Berber
80%
Bhutan Dzongkha
80%
Philippines Filipino
80%
Haiti Haitian Creole
80%
Pakistan Hindustani (Urdu)
80%
Sri Lanka, Singapore Tamil
80%
Tonga Tongan
80%
South Africa Zulu
80%
Ethiopia Amharic
78%
New Zealand Māori
78%
Palau Palauan
78%
South Africa, Lesotho Sotho
78%
South Africa, Eswatini Swazi
78%
South Africa Xhosa
78%
Iraq Kurdish
75%
Nauru Nauruan
75%
Tuvalu Tuvaluan
75%
Bolivia, Peru Quechua
73%
Rwanda Kinyarwanda
70%
Maldives Maldivian
70%
Marshall Islands Marshallese
70%
South Africa, Botswana Tswana
70%
Burundi Kirundi
68%
Madagascar Malagasy
68%
Seychelles Seychellois Creole
68%
Comoros Comorian
65%
Sri Lanka Sinhala
65%
Fiji Hindustani (Fiji Hindi)
60%
Mauritius Mauritian Creole
60%
Ethiopia Oromo
60%
Bolivia, Peru Aymara
58%
Kiribati Gilbertese
58%
Paraguay Guaraní
55%
Eritrea, Ethiopia Tigrinya
55%
Papua New Guinea Tok Pisin
48%
Ethiopia Afar
43%
Zimbabwe Northern Ndebele
43%
Zimbabwe Shona
43%
South Africa Southern Ndebele
43%
South Africa Northern Sotho
40%
Central African Rep. Sango
38%
Malawi Chewa
33%
East Timor Tetum
33%
South Africa Tsonga
30%
South Africa Venda
28%
Vanuatu Bislama
25%
Papua New Guinea Hiri Motu
25%
No matching quizzes found
Score Distribution
Percent of People with Each Score
Percentile by Number Answered
Your Score History
You have not taken this quiz